THE GULAG ARCHIPELAGO-2 (1918-1956 ) PARTS 3-4 (Record no. 367791)

MARC details
000 -LEADER
fixed length control field 00492nam a2200157Ia 4500
008 - FIXED-LENGTH DATA ELEMENTS--GENERAL INFORMATION
fixed length control field 100122s9999 xx 000 0 und d
082 ## - DEWEY DECIMAL CLASSIFICATION NUMBER
Item number 25231
Classification number 928.417
100 ## - MAIN ENTRY--PERSONAL NAME
Personal name SOLZHENITSYN ALEXANDER
245 ## - TITLE STATEMENT
Title THE GULAG ARCHIPELAGO-2 (1918-1956 ) PARTS 3-4
260 ## - PUBLICATION, DISTRIBUTION, ETC. (IMPRINT)
Name of publisher, distributor, etc COLLINS & HARVILL PRESS
Date of publication, distribution, etc 1976
300 ## - PHYSICAL DESCRIPTION
Extent 695
630 ## - SUBJECT ADDED ENTRY--UNIFORM TITLE
Uniform title THE GULAG ARCHIPELAGO-2 (1918-1956 ) PARTS 3-4
700 ## - ADDED ENTRY--PERSONAL NAME
Personal name GOREVIDAL P WHITNEY
730 ## - ADDED ENTRY--UNIFORM TITLE
Uniform title THE GULAG ARCHIPELAGO-2 (1918-1956 ) PARTS 3-4
942 ## - ADDED ENTRY ELEMENTS (KOHA)
Koha item type Book
Holdings
Withdrawn status Lost status Damaged status Not for loan Home library Current library Date acquired Cost, normal purchase price Total Checkouts Full call number Barcode Date last seen Cost, replacement price Price effective from Koha item type Public note
        S.V. Pathak Library, Vile Parle S.V. Pathak Library, Vile Parle 01/16/1977 50.00   25231 SVPPARLE-25231 01/25/2010 50.00 01/25/2010 Book "7)रद्द, , General, Cancelled"